000 01168nam1a2200277 4500
001 RU\NLR\BIBL_A\022518814
005 20250807185221.0
035 _a(NLR Aleph) 022518814
090 _a88113
_c88113
100 _a20250807 rusy50
101 0 _atuk
102 _aTM
105 _aa z 000 y
181 0 _ai
_baxxe
182 0 _an
200 1 _aАрифметика меселелериниң ве гѳнүкмелериниң йыгындысы
_eбашлангыч мектебиң ... үчин
_fН. С. Попова
203 _aТекст
_bвизуальный
_cнепосредственный
210 _aАшгабат
_cБирлешен Түркмендѳвлетнешир
_d1944
215 _d22
541 1 _aСборник арифметических задач и упражнений
_eдля нач. шк.
_zrus
700 1 _aПопова
_bН. С.
_cпедагог-математик
_f1885-1975
_gНаталья Сергеевна
_3RU\NLR\AUTH\770198576
_4070
852 _aNLR
_bОНЛ
_jТурк./3-691
942 _cBOOK
945 _aРоссийская национальная библиотека
980 _aBV